[Event "EIBCC 2019"]
[Site "Tallinn"]
[Date "2019.12.07"]
[Round "4.23"]
[White "Usmanov, Vasily"]
[Black "Azimov, Ilyas"]
[Result "1-0"]
[WhiteElo "2495"]
[BlackElo "2183"]
[Annotator "ChessBase"]
[PlyCount "108"]
[EventDate "2019.12.06"]
[EventType "swiss"]
[EventCountry "EST"]
[SourceTitle "playchess.com"]
[Source "ChessBase"]
[SourceQuality "1"]

1. d4 Nf6 2. Bg5 d6 3. Nd2 e5 4. c3 Be7 5. Ngf3 Nbd7 6. e4 h6 7. Bh4 O-O 8. dxe5 Nxe5 9. Nxe5 dxe5 10. f3 Nh5 11. Bf2 c6 12. Bc4 Bg5 13. h4 Be7 14. Nf1 Qc7 15. a4 b6 16. Qb3 Nf4 17. Ne3 Rb8 18. g3 Ne6 19. Nf5 Bc5 20. Bxc5 Nxc5 21. Qc2 Bxf5 22. exf5 e4 23. f4 b5 24. axb5 cxb5 25. Be2 Rbd8 26. O-O a6 27. Kh2 Qd7 28. f6 gxf6 29. b4 Na4 30. Qxe4 Nxc3 31. Qg2 Nxe2 32. Qxe2 Rfe8 33. Qg2 Qg4 34. Rf2 Rd6 35. Qf3 Qxf3 36. Rxf3 Re2+ 37. Kh3 f5 38. Rfa3 Rdd2 39. Rh1 Ra2 40. Rd3 Kg7 41. Rd5 Kg6 42. h5+ Kf6 43. Rd6+ Re6 44. Rxe6+ fxe6 45. Rc1 Rb2 46. Rc6 Rxb4 47. Rxa6 Rb2 48. Ra7 b4 49. Rh7 b3 50. Rxh6+ Kf7 51. Rh7+ Kf6 52. Rb7 Rb1 53. Kg2 b2 54. h6 Rd1 1-0

[Event "EIBCC 2019"]
[Site "Tallinn"]
[Date "2019.12.07"]
[Round "4.24"]
[White "Nasibullin, Iskander"]
[Black "Schneider, Ilja"]
[Result "0-1"]
[WhiteElo "2171"]
[BlackElo "2483"]
[Annotator "ChessBase"]
[PlyCount "78"]
[EventDate "2019.12.06"]
[EventType "swiss"]
[EventCountry "EST"]
[SourceTitle "playchess.com"]
[Source "ChessBase"]
[SourceQuality "1"]

1. e4 Nc6 2. Nf3 f5 3. d3 d6 4. Nc3 Nf6 5. Bg5 e5 6. Nh4 fxe4 7. Nxe4 Be7 8. Bxf6 Bxf6 9. Qh5+ Ke7 10. Nxf6 gxf6 11. O-O-O Qe8 12. Qf3 Nd4 13. Qe3 Qa4 14. Qd2 Qxa2 15. Qc3 Qa1+ 16. Kd2 Qa4 17. Nf3 Nxf3+ 18. gxf3 Qf4+ 19. Ke2 c5 20. Rg1 Be6 21. Rg7+ Kf8 22. Rg3 Rg8 23. Bh3 Bxh3 24. Rxh3 Rg7 25. Rg3 Qb4 26. Rxg7 Qxc3 27. Rxh7 Qxc2+ 28. Rd2 Kg8 29. Rxc2 Kxh7 30. b4 cxb4 31. Rc7+ Kg6 32. Rxb7 a5 33. Kd2 Kf5 34. Kc2 Rh8 35. Rf7 Rxh2 36. Kb3 Rxf2 37. Ka4 Rxf3 38. Kxa5 b3 39. Rb7 Rxd3 0-1

[Event "EIBCC 2019"]
[Site "Tallinn"]
[Date "2019.12.07"]
[Round "4.25"]
[White "Muter, Donny"]
[Black "Potapov, Pavel"]
[Result "0-1"]
[WhiteElo "2169"]
[BlackElo "2464"]
[Annotator "ChessBase"]
[PlyCount "80"]
[EventDate "2019.12.06"]
[EventType "swiss"]
[EventCountry "EST"]
[SourceTitle "playchess.com"]
[Source "ChessBase"]
[SourceQuality "1"]

1. d4 f5 2. Bg5 g6 3. Nd2 Bg7 4. e4 fxe4 5. Nxe4 d5 6. Ng3 Nh6 7. Bxh6 Bxh6 8. h4 Nc6 9. h5 Qd6 10. c3 Be6 11. Bd3 Bf7 12. Nf3 O-O-O 13. Qe2 Rde8 14. Ne5 Nxe5 15. dxe5 Qb6 16. a4 Bf4 17. a5 Qe6 18. a6 b6 19. Kd1 Qxe5 20. Qf3 Bxg3 21. fxg3 Rhf8 22. Re1 Qxh5 23. g4 Qg5 24. Kc2 Be6 25. Qe2 Bxg4 26. Qe5 Qxe5 27. Rxe5 c6 28. Rae1 Rf2+ 29. Kb3 Kd7 30. c4 Rxg2 31. cxd5 Rg3 32. dxc6+ Kxc6 33. Kc2 Kd6 34. Bb5 Bf5+ 35. Kd2 Rg2+ 36. Kd1 Rc8 37. R5e3 Bg4+ 38. Be2 Bxe2+ 39. R1xe2 Rxe2 40. Rxe2 Rc5 0-1

[Event "EIBCC 2019"]
[Site "Tallinn"]
[Date "2019.12.07"]
[Round "4.26"]
[White "Stupak, Kirill"]
[Black "Kanep, Siim"]
[Result "0-1"]
[WhiteElo "2459"]
[BlackElo "2166"]
[Annotator "ChessBase"]
[PlyCount "74"]
[EventDate "2019.12.06"]
[EventType "swiss"]
[EventCountry "EST"]
[SourceTitle "playchess.com"]
[Source "ChessBase"]
[SourceQuality "1"]

1. d4 Nf6 2. g3 d5 3. Bg2 e6 4. Nf3 Be7 5. O-O O-O 6. c4 dxc4 7. Ne5 Nc6 8. Bxc6 bxc6 9. Nxc6 Qe8 10. Nxe7+ Qxe7 11. Qa4 e5 12. dxe5 Qxe5 13. Qxc4 Be6 14. Qc2 Nd5 15. a3 Qh5 16. f3 Rad8 17. Qc5 Qh3 18. Qf2 Nb6 19. Bf4 Rd7 20. Nc3 Nc4 21. Rad1 Rxd1 22. Nxd1 h6 23. b3 Nd6 24. Bxd6 cxd6 25. b4 Bc4 26. Nc3 Re8 27. Re1 a6 28. Qd4 Qe6 29. e4 Rc8 30. Kg2 Bb5 31. Nd5 Rc2+ 32. Kg1 Qh3 33. Ne7+ Kh7 34. Qf2 Rxf2 35. Kxf2 Qxh2+ 36. Ke3 Qxg3 37. Rd1 Qg5+ 0-1

[Event "EIBCC 2019"]
[Site "Tallinn"]
[Date "2019.12.07"]
[Round "4.27"]
[White "Ladva, Ottomar"]
[Black "Askerov, Marat"]
[Result "1-0"]
[WhiteElo "2457"]
[BlackElo "2164"]
[Annotator "ChessBase"]
[PlyCount "96"]
[EventDate "2019.12.06"]
[EventType "swiss"]
[EventCountry "EST"]
[SourceTitle "playchess.com"]
[Source "ChessBase"]
[SourceQuality "1"]

1. Nf3 Nf6 2. g3 b5 3. Na3 a6 4. c4 b4 5. Nc2 c5 6. Bg2 Bb7 7. O-O e6 8. d4 cxd4 9. Ncxd4 Be7 10. b3 O-O 11. Bb2 d6 12. a3 bxa3 13. Bxa3 Nbd7 14. Nc2 Qc7 15. Nfe1 Bxg2 16. Nxg2 Rab8 17. Nd4 Nc5 18. Ne3 Rfd8 19. Qc2 Bf8 20. Rfd1 e5 21. Bxc5 Qxc5 22. Nf3 d5 23. Nxe5 d4 24. Nd3 Qb6 25. Ng2 Qxb3 26. Qxb3 Rxb3 27. Rxa6 Rc3 28. Rc6 Rc2 29. Kf1 h5 30. Rc1 Ra2 31. Nge1 Ne4 32. Nf3 Nc3 33. Re1 Rc2 34. Nb4 Rb2 35. Nd3 Rc2 36. Ra6 Ne4 37. Ra5 Rxc4 38. Rxh5 g6 39. Ra5 Rc2 40. Ra4 Bg7 41. h4 Nc3 42. Rc4 Ra2 43. Nc5 Rc8 44. Ng5 Ra5 45. Nb7 Rxc4 46. Nxa5 Ra4 47. Nc6 Ra2 48. Nf3 Ra4 1-0

[Event "EIBCC 2019"]
[Site "Tallinn"]
[Date "2019.12.07"]
[Round "4.28"]
[White "Neff, Sergei"]
[Black "Sebenik, Matej"]
[Result "0-1"]
[WhiteElo "2160"]
[BlackElo "2457"]
[Annotator "ChessBase"]
[PlyCount "62"]
[EventDate "2019.12.06"]
[EventType "swiss"]
[EventCountry "EST"]
[SourceTitle "playchess.com"]
[Source "ChessBase"]
[SourceQuality "1"]

1. g3 d5 2. Bg2 c6 3. c4 dxc4 4. a4 Be6 5. Na3 Nd7 6. Qc2 g6 7. Nxc4 Bg7 8. d3 Bd5 9. Nf3 Ngf6 10. O-O O-O 11. a5 b5 12. axb6 axb6 13. Be3 Qc7 14. Bf4 Qb7 15. e4 Bxc4 16. Qxc4 Nh5 17. Rxa8 Rxa8 18. Be3 e5 19. d4 b5 20. Qb3 exd4 21. Bxd4 Bxd4 22. Nxd4 Qb6 23. Nf3 Nhf6 24. Rd1 Nc5 25. Qe3 Re8 26. Qd4 Nfxe4 27. b4 Na4 28. Qd7 Qxf2+ 29. Kh1 Nf6 30. Qxc6 Re2 31. Nh4 Re1+ 0-1

[Event "EIBCC 2019"]
[Site "Tallinn"]
[Date "2019.12.07"]
[Round "4.29"]
[White "Frischmann, Rick"]
[Black "Schnabel, Ralf"]
[Result "1-0"]
[WhiteElo "2450"]
[BlackElo "2159"]
[Annotator "ChessBase"]
[PlyCount "87"]
[EventDate "2019.12.06"]
[EventType "swiss"]
[EventCountry "EST"]
[SourceTitle "playchess.com"]
[Source "ChessBase"]
[SourceQuality "1"]

1. e4 Nf6 2. e5 Nd5 3. d4 d6 4. Bc4 Nb6 5. Bb3 Nc6 6. e6 Bxe6 7. d5 Nxd5 8. Bxd5 Bxd5 9. Qxd5 e6 10. Qb5 Qd7 11. Nf3 O-O-O 12. O-O a6 13. Qe2 Rg8 14. c4 Be7 15. Nc3 g5 16. Be3 f5 17. Nd4 Ne5 18. f4 Ng4 19. Bd2 Rg6 20. Rae1 Re8 21. h3 Nh6 22. fxg5 Nf7 23. h4 Ne5 24. Nf3 Ng4 25. h5 Rgg8 26. Qxe6 Ne5 27. Qxd7+ Nxd7 28. Nd5 Bd8 29. Nd4 c6 30. Nc3 Rxe1 31. Rxe1 Ne5 32. b3 Bxg5 33. Bxg5 Rxg5 34. Rf1 Rxh5 35. Nxf5 Kd7 36. Ne4 Kc7 37. Nfxd6 Nd3 38. Rf7+ Kb6 39. Rxb7+ Ka5 40. c5 Nb2 41. a3 Re5 42. Nd2 Rxc5 43. N2c4+ Nxc4 44. Nxc4+ 1-0

[Event "EIBCC 2019"]
[Site "Tallinn"]
[Date "2019.12.07"]
[Round "4.30"]
[White "Ladopoulos, Dimitrios"]
[Black "Belyakov, Bogdan"]
[Result "1-0"]
[WhiteElo "2151"]
[BlackElo "2431"]
[Annotator "ChessBase"]
[PlyCount "135"]
[EventDate "2019.12.06"]
[EventType "swiss"]
[EventCountry "EST"]
[SourceTitle "playchess.com"]
[Source "ChessBase"]
[SourceQuality "1"]

1. Nf3 Nf6 2. d4 g6 3. g3 Bg7 4. Bg2 O-O 5. O-O d6 6. c4 Nc6 7. Nc3 a6 8. e4 e5 9. d5 Na5 10. Nd2 b5 11. cxb5 axb5 12. b4 Nc4 13. Nxc4 bxc4 14. Qe2 Nd7 15. Qxc4 Nb6 16. Qd3 Na4 17. Nxa4 Rxa4 18. Qb3 Bd7 19. Bd2 Qa8 20. a3 Qb7 21. Rfc1 Rfa8 22. Bf1 Bf6 23. Bc4 h5 24. h4 Bd8 25. Qb2 Bb5 26. Bb3 R4a6 27. Bd1 c6 28. Bb3 Rb8 29. Kg2 c5 30. a4 Bd3 31. b5 Bxe4+ 32. f3 Bxd5 33. bxa6 Qxb3 34. Qxb3 Rxb3 35. Rc3 Rb2 36. Rd3 Ba8 37. Rxd6 Bc7 38. Rd7 Ba5 39. Rd1 Bc6 40. Rd6 Ba8 41. Kh3 Bc7 42. Rd7 Bb6 43. Bg5 Kg7 44. R7d6 Bc7 45. Bf6+ Kh7 46. Rd8 Bxd8 47. Rxd8 g5 48. Rxa8 g4+ 49. fxg4 hxg4+ 50. Kxg4 Kg6 51. Bxe5 Rb4+ 52. Bf4 Rxa4 53. h5+ Kg7 54. h6+ Kh7 55. a7 c4 56. Rc8 Rxa7 57. Rxc4 Ra5 58. Rc7 Kg6 59. h7 Kxh7 60. Rxf7+ Kg6 61. Rc7 Ra3 62. Rc6+ Kf7 63. Kf5 Ra5+ 64. Be5 Ra2 65. Rc7+ Ke8 66. Ke6 Ra6+ 67. Bd6 Kd8 68. Rb7 1-0

[Event "EIBCC 2019"]
[Site "Tallinn"]
[Date "2019.12.07"]
[Round "4.32"]
[White "Vetokhin, Savva"]
[Black "Zelbel, Patrick"]
[Result "0-1"]
[WhiteElo "2145"]
[BlackElo "2425"]
[Annotator "NA"]
[PlyCount "83"]
[EventDate "2019.12.06"]
[EventType "swiss"]
[EventCountry "EST"]
[SourceTitle "playchess.com"]
[Source "ChessBase"]
[SourceQuality "1"]

1. d4 Nf6 2. Nc3 d5 3. Bf4 a6 4. e3 c5 5. Nf3 cxd4 6. exd4 Nc6 7. Bd3 Bg4 8. Be2 e6 9. Be3 Bd6 10. O-O Qc7 11. h3 Bh5 12. Re1 b5 13. a4 b4 14. Nb1 O-O 15. Nbd2 Na5 16. Bg5 Nd7 17. Nb3 Nc4 18. Qc1 Bg6 19. Nh4 Be4 20. f3 Bg6 21. Nxg6 hxg6 22. h4 Rac8 23. Bd3 e5 24. dxe5 Ndxe5 25. Nd2 Qb6+ 26. Kh1 Qf2 27. Re2 Nxd3 28. Rxf2 Nxc1 29. Nxc4 Rxc4 30. Rxc1 f6 31. b3 Rd4 32. Be3 Rxh4+ 33. Kg1 d4 34. Rd2 Bh2+ 35. Kf1 dxe3 36. Rd3 Re8 37. Ke2 Bf4 38. Rg1 a5 39. Rd5 Rh5 40. Rd7 Rc5 41. Rc1 Rec8 42. Ke1 0-1

[Event "EIBCC 2019"]
[Site "Tallinn"]
[Date "2019.12.07"]
[Round "4.33"]
[White "Thorfinnsson, Bragi"]
[Black "Haitin, Ilja"]
[Result "1/2-1/2"]
[WhiteElo "2422"]
[BlackElo "2146"]
[Annotator "ChessBase"]
[PlyCount "95"]
[EventDate "2019.12.06"]
[EventType "swiss"]
[EventCountry "EST"]
[SourceTitle "playchess.com"]
[Source "ChessBase"]
[SourceQuality "1"]

1. e4 d5 2. exd5 Qxd5 3. Nc3 Qd6 4. d4 Nf6 5. Nf3 c6 6. h3 Bf5 7. Bd3 Bxd3 8. Qxd3 e6 9. O-O Be7 10. Ne5 O-O 11. Bf4 Qb4 12. a3 Qa5 13. b4 Qa6 14. Qf3 Nbd7 15. Bg5 Rae8 16. Rfe1 Nxe5 17. dxe5 Nd5 18. Bxe7 Rxe7 19. Ne4 Qc4 20. Nf6+ Kh8 21. Re4 Qc3 22. Qxc3 Nxc3 23. Re3 Nd5 24. Nxd5 cxd5 25. Rc3 f6 26. exf6 gxf6 27. Rd1 Rd8 28. Rc5 d4 29. f4 b6 30. Rc6 Kg7 31. Kf2 Kf7 32. Kf3 f5 33. g4 Red7 34. gxf5 exf5 35. Rd3 Rd6 36. Rc7+ R8d7 37. Rxd7+ Rxd7 38. c3 Ke6 39. Rxd4 Rc7 40. c4 a5 41. Ke3 axb4 42. axb4 Ra7 43. Rd5 Ra3+ 44. Kd4 Rxh3 45. Rb5 Rf3 46. Rxb6+ Kd7 47. Ke5 Kc7 48. c5 1/2-1/2

[Event "EIBCC 2019"]
[Site "Tallinn"]
[Date "2019.12.07"]
[Round "4.34"]
[White "Nguyen, Thai Dai Van"]
[Black "Psyk, Radoslaw"]
[Result "1-0"]
[WhiteElo "2419"]
[BlackElo "2144"]
[Annotator "NA"]
[PlyCount "53"]
[EventDate "2019.12.06"]
[EventType "swiss"]
[EventCountry "EST"]
[SourceTitle "playchess.com"]
[Source "ChessBase"]
[SourceQuality "1"]

1. d4 Nf6 2. c4 e6 3. Nc3 d5 4. Nf3 Be7 5. g3 b6 6. Bg2 Bb7 7. O-O c6 8. b3 O-O 9. Qc2 Ba6 10. Rd1 b5 11. Ne5 Nfd7 12. cxb5 cxb5 13. e4 Nb6 14. exd5 exd5 15. a4 bxa4 16. bxa4 Bb7 17. a5 Nc8 18. Qb3 Nd6 19. Nxd5 Nd7 20. Nxe7+ Qxe7 21. Bxb7 Rab8 22. Nc6 Qe2 23. Nxb8 Rxb8 24. a6 Nf6 25. Bf4 Nf5 26. Bxb8 Ng4 27. Qf3 1-0

[Event "EIBCC 2019"]
[Site "Tallinn"]
[Date "2019.12.07"]
[Round "4.35"]
[White "Morgunov, Marc"]
[Black "Aleksandrov, Aleksej"]
[Result "0-1"]
[WhiteElo "2141"]
[BlackElo "2416"]
[Annotator "NA"]
[PlyCount "108"]
[EventDate "2019.12.06"]
[EventType "swiss"]
[EventCountry "EST"]
[SourceTitle "playchess.com"]
[Source "ChessBase"]
[SourceQuality "1"]

1. e4 e5 2. Nf3 Nc6 3. Bb5 a6 4. Ba4 Nf6 5. Bxc6 dxc6 6. d3 Bd6 7. Nbd2 Bg4 8. h3 Bh5 9. g4 Bg6 10. Nc4 Nd7 11. Be3 Qe7 12. Qd2 O-O-O 13. O-O-O Kb8 14. h4 h5 15. g5 f6 16. Rhg1 Bf7 17. gxf6 gxf6 18. Rg7 Rdg8 19. Rdg1 Qf8 20. R7g3 Be6 21. Qc3 Bg4 22. Nh2 Be6 23. Nf3 Rg4 24. Qe1 Rhg8 25. Nxd6 Qxd6 26. Nh2 Rxg3 27. Rxg3 b5 28. Kb1 Kb7 29. Qe2 Rh8 30. Rg7 c5 31. Rg3 Nb8 32. Nf1 c4 33. Nd2 cxd3 34. cxd3 Nc6 35. Rg7 Nb4 36. a3 Nxd3 37. Nf3 Rd8 38. Qc2 Bc4 39. Nd2 Be6 40. b3 Ne1 41. Qc3 Qd3+ 42. Qxd3 Nxd3 43. Kc2 Ne1+ 44. Kd1 Nf3 45. Rh7 Bxb3+ 46. Ke2 Nxd2 47. Bxd2 Bc4+ 48. Ke1 Rd3 49. Ba5 Rxa3 50. Rxc7+ Kb8 51. Bb6 Rh3 52. Re7 Rxh4 53. Bc7+ Kc8 54. Bb6 Rxe4+ 0-1

[Event "EIBCC 2019"]
[Site "Tallinn"]
[Date "2019.12.07"]
[Round "4.36"]
[White "Krupenski, Juri"]
[Black "Strybuk, Artsiom I"]
[Result "1-0"]
[WhiteElo "2413"]
[BlackElo "2138"]
[Annotator "ChessBase"]
[PlyCount "79"]
[EventDate "2019.12.06"]
[EventType "swiss"]
[EventCountry "EST"]
[SourceTitle "playchess.com"]
[Source "ChessBase"]
[SourceQuality "1"]

1. d4 Nf6 2. c4 g6 3. Nc3 d5 4. Qa4+ Bd7 5. Qd1 c6 6. cxd5 cxd5 7. Nf3 Nc6 8. Ne5 Bg7 9. g3 O-O 10. Bg2 Nxe5 11. dxe5 Ng4 12. Nxd5 Bc6 13. e4 e6 14. Qxg4 exd5 15. O-O dxe4 16. Bxe4 Qd4 17. Re1 Qxe5 18. Bh6 Rfe8 19. Bxg7 Kxg7 20. Bxc6 Qxe1+ 21. Rxe1 Rxe1+ 22. Kg2 bxc6 23. Qd4+ Kg8 24. Qc5 Re6 25. b4 h5 26. a3 Kg7 27. h4 Kg8 28. Kh3 Kg7 29. Qd4+ Kg8 30. Kg2 Ree8 31. Qc5 Rec8 32. Kf3 a6 33. Kf4 Rab8 34. a4 Re8 35. Kg5 Re6 36. Kh6 Rbe8 37. Qd4 Re5 38. f4 g5 39. fxe5 Re6+ 40. Kxg5 1-0

[Event "EIBCC 2019"]
[Site "Tallinn"]
[Date "2019.12.07"]
[Round "5.1"]
[White "Kozak, Adam"]
[Black "Andriasian, Zaven"]
[Result "1-0"]
[WhiteElo "2385"]
[BlackElo "2766"]
[Annotator "TA"]
[PlyCount "85"]
[EventDate "2019.12.06"]
[EventType "swiss"]
[EventCountry "EST"]
[SourceTitle "playchess.com"]
[Source "ChessBase"]
[SourceQuality "1"]

1. Nf3 Nf6 2. g3 d5 3. Bg2 Bg4 4. O-O c6 5. h3 Bh5 6. d4 Nbd7 7. c4 e6 8. cxd5 exd5 9. Qb3 Qb6 10. Qe3+ Be7 11. Nh4 Bg6 12. Nxg6 hxg6 13. Nc3 Qd8 14. Qd3 O-O 15. Bf3 Re8 16. h4 Bb4 17. Bf4 Bxc3 18. Qxc3 Ne4 19. Qc2 Qb6 20. Rad1 Nf8 21. Be5 Rxe5 22. dxe5 Nxg3 23. Rfe1 Nf5 24. h5 Re8 25. hxg6 fxg6 26. e4 Nh4 27. Bh1 d4 28. f4 g5 29. f5 Rxe5 30. Qc4+ Kh7 31. Qxd4 Qxd4+ 32. Rxd4 Nxf5 33. Ra4 Nh4 34. Rxa7 b6 35. Rf1 Ne6 36. Re7 Ng6 37. Re8 Ngf4 38. Bf3 Rc5 39. Bg4 Nd4 40. Rd1 Nde2+ 41. Kf2 Rc2 42. Bf5+ Kh6 43. Rh8# 1-0

[Event "EIBCC 2019"]
[Site "Tallinn"]
[Date "2019.12.07"]
[Round "5.2"]
[White "Morozevich, Alexander"]
[Black "Kourousis, Epaminondas"]
[Result "1-0"]
[WhiteElo "2712"]
[BlackElo "2366"]
[Annotator "TA"]
[PlyCount "77"]
[EventDate "2019.12.06"]
[EventType "swiss"]
[EventCountry "EST"]
[SourceTitle "playchess.com"]
[Source "ChessBase"]
[SourceQuality "1"]

1. e4 c5 2. Nc3 Nc6 3. Nf3 g6 4. Bb5 Bg7 5. O-O Nd4 6. Ba4 e6 7. Nxd4 cxd4 8. Nb5 a6 9. Nd6+ Kf8 10. d3 Qc7 11. Nxc8 Rxc8 12. Bb3 Ne7 13. Bd2 Nc6 14. f4 Na5 15. f5 Nxb3 16. cxb3 Be5 17. Rc1 Qd8 18. Rxc8 Qxc8 19. Qf3 gxf5 20. exf5 Qc6 21. Qh5 Rg8 22. Rf2 Ke7 23. fxe6 Qxe6 24. Bg5+ Kd6 25. Bh4 f6 26. Qf3 Rc8 27. Rf1 Qd5 28. Qe2 Rg8 29. Bxf6 Bxf6 30. Rxf6+ Kc7 31. Rf2 Rg6 32. h3 h5 33. Qf3 Qc5 34. Qf4+ Kb6 35. Kh2 Ka7 36. Re2 d6 37. a3 Rg5 38. b4 Qb6 39. Qxg5 1-0

[Event "EIBCC 2019"]
[Site "Tallinn"]
[Date "2019.12.07"]
[Round "5.3"]
[White "Vorobjov, Pavel"]
[Black "Mamedov, Rauf"]
[Result "0-1"]
[WhiteElo "2362"]
[BlackElo "2670"]
[Annotator "ChessBase"]
[PlyCount "62"]
[EventDate "2019.12.06"]
[EventType "swiss"]
[EventCountry "EST"]
[SourceTitle "playchess.com"]
[Source "ChessBase"]
[SourceQuality "1"]

1. d4 Nf6 2. c4 g6 3. Nc3 Bg7 4. e4 d6 5. Nf3 O-O 6. h3 e5 7. d5 Nh5 8. g3 Na6 9. Bg2 Nc5 10. b4 Nd7 11. O-O a5 12. Ba3 axb4 13. Bxb4 b6 14. a4 Nc5 15. a5 Ba6 16. Nd2 Nd3 17. Qb1 Nxb4 18. Qxb4 Rb8 19. axb6 Rxb6 20. Qa3 Bh6 21. c5 Bxf1 22. Bxf1 dxc5 23. Nc4 Rb4 24. Nxe5 Qg5 25. Nc6 Nxg3 26. fxg3 Qxg3+ 27. Kh1 Bf4 28. Ra2 Be3 29. Ne2 Qf3+ 30. Bg2 Rb1+ 31. Nc1 Qd1+ 0-1

[Event "EIBCC 2019"]
[Site "Tallinn"]
[Date "2019.12.07"]
[Round "5.4"]
[White "Riazantsev, Alexander"]
[Black "Seeman, Tarvo"]
[Result "1-0"]
[WhiteElo "2635"]
[BlackElo "2358"]
[Annotator "ChessBase"]
[PlyCount "69"]
[EventDate "2019.12.06"]
[EventType "swiss"]
[EventCountry "EST"]
[SourceTitle "playchess.com"]
[Source "ChessBase"]
[SourceQuality "1"]

1. d4 Nf6 2. c4 g6 3. Nc3 Bg7 4. e4 d6 5. Be2 O-O 6. Be3 Na6 7. h4 e5 8. d5 c6 9. g4 Nc5 10. f3 cxd5 11. cxd5 h5 12. g5 Ne8 13. b4 Na6 14. a3 f5 15. Qd2 f4 16. Bf2 Rf7 17. Bd3 Bd7 18. Nge2 Nac7 19. Kf1 b5 20. Nc1 a5 21. Nb3 axb4 22. axb4 Rxa1+ 23. Nxa1 Na6 24. Qb2 Qb8 25. Nc2 Bf8 26. Ke2 Be7 27. Ra1 Nec7 28. Ra5 Rf8 29. Na3 Rc8 30. Naxb5 Nxb5 31. Nxb5 Nc7 32. Na7 Rf8 33. Nc6 Bxc6 34. dxc6 Kg7 35. b5 1-0

[Event "EIBCC 2019"]
[Site "Tallinn"]
[Date "2019.12.07"]
[Round "5.5"]
[White "Papasimakopoulos, Alexandros"]
[Black "Demidov, Mikhail"]
[Result "0-1"]
[WhiteElo "2356"]
[BlackElo "2631"]
[Annotator "ChessBase"]
[PlyCount "106"]
[EventDate "2019.12.06"]
[EventType "swiss"]
[EventCountry "EST"]
[SourceTitle "playchess.com"]
[Source "ChessBase"]
[SourceQuality "1"]

1. d4 d5 2. c4 c6 3. cxd5 cxd5 4. Bf4 Nc6 5. e3 Nf6 6. Nc3 a6 7. Bd3 Bg4 8. Nge2 e6 9. Rc1 Bd6 10. f3 Bh5 11. O-O O-O 12. Na4 e5 13. dxe5 Nxe5 14. Bf5 Bg6 15. Bxg6 Nxg6 16. Bxd6 Qxd6 17. Qd4 Rac8 18. Ng3 Ne7 19. Rfd1 h6 20. Qd2 Rfd8 21. Nc3 Qb6 22. Nce2 Nc6 23. Nf5 Rd7 24. Ned4 Rdc7 25. Nd6 Rd8 26. N6f5 Ne5 27. Rxc7 Qxc7 28. Rc1 Qb6 29. b3 g6 30. Ng3 Re8 31. Qc3 Ned7 32. Kf2 Qd6 33. Qc7 Qa3 34. Rc2 Qe7 35. Nf1 b6 36. g3 a5 37. h4 Kg7 38. Rc6 Qa3 39. Rc2 h5 40. Nb5 Qb4 41. Nd4 Nc5 42. Kg2 Nd3 43. Re2 a4 44. bxa4 Nc5 45. Qf4 Qxa4 46. g4 hxg4 47. Nh2 gxf3+ 48. Nhxf3 Re4 49. Qc7 Ne6 50. Nxe6+ Rxe6 51. Rb2 Qg4+ 52. Kf2 Ne4+ 53. Ke2 Qg2+ 0-1

[Event "EIBCC 2019"]
[Site "Tallinn"]
[Date "2019.12.07"]
[Round "5.6"]
[White "Blohberger, Felix"]
[Black "Lysyj, Igor"]
[Result "0-1"]
[WhiteElo "2330"]
[BlackElo "2600"]
[Annotator "ChessBase"]
[PlyCount "130"]
[EventDate "2019.12.06"]
[EventType "swiss"]
[EventCountry "EST"]
[SourceTitle "playchess.com"]
[Source "ChessBase"]
[SourceQuality "1"]

1. d4 d5 2. Bf4 c5 3. e3 Nc6 4. c3 Bf5 5. Nd2 cxd4 6. exd4 e6 7. Ngf3 Bd6 8. Bxd6 Qxd6 9. Nh4 Bg6 10. Nxg6 hxg6 11. g3 Nge7 12. Bd3 f6 13. Qg4 Kf7 14. h4 e5 15. dxe5 Nxe5 16. Qe2 Nxd3+ 17. Qxd3 Qe5+ 18. Qe2 Nc6 19. Nf3 Qe4 20. Qxe4 dxe4 21. Nd2 f5 22. Ke2 Ne5 23. f3 exf3+ 24. Nxf3 Nc4 25. b3 Rhe8+ 26. Kf2 Nb2 27. Ng5+ Kf6 28. Nh7+ Kf7 29. Ng5+ Kf8 30. Rab1 Nd3+ 31. Kf3 Ne5+ 32. Kg2 Rad8 33. Rbd1 Nd3 34. Kf3 b5 35. Nh3 Ne5+ 36. Kg2 Ng4 37. Kf3 Rc8 38. Nf4 Rxc3+ 39. Kg2 Ne3+ 40. Kh3 Nxd1 41. Rxd1 Rc6 42. Rd7 Re7 43. Rd8+ Kf7 44. Rb8 a6 45. Nd5 Rd7 46. Nf4 Kf6 47. Rf8+ Ke5 48. Re8+ Kd4 49. Ne6+ Kc3 50. Nf4 Kb2 51. Re2+ Ka3 52. Kg2 Rdc7 53. Kh3 Rd7 54. Kg2 Rdc7 55. Kh3 Rc2 56. Re6 R7c6 57. Re7 Kxa2 58. Rxg7 Kxb3 59. Nxg6 a5 60. h5 Rc8 61. h6 R2c6 62. h7 Rxg6 63. Rxg6 Rh8 64. Rg7 a4 65. Kh4 a3 0-1

[Event "EIBCC 2019"]
[Site "Tallinn"]
[Date "2019.12.07"]
[Round "5.7"]
[White "Guseinov, Gadir"]
[Black "Ahvenjarvi, Jani"]
[Result "1-0"]
[WhiteElo "2593"]
[BlackElo "2325"]
[Annotator "ChessBase"]
[PlyCount "76"]
[EventDate "2019.12.06"]
[EventType "swiss"]
[EventCountry "EST"]
[SourceTitle "playchess.com"]
[Source "ChessBase"]
[SourceQuality "1"]

1. e4 e5 2. Nf3 Nc6 3. Bb5 a6 4. Bxc6 dxc6 5. O-O f6 6. d4 exd4 7. Nxd4 c5 8. Nb3 Qxd1 9. Rxd1 Be6 10. Bf4 c4 11. Nd4 O-O-O 12. Nc3 Bf7 13. Nf5 Rxd1+ 14. Rxd1 Ne7 15. Ne3 Ng6 16. Bg3 Bc5 17. Nf5 Rg8 18. Kf1 Ne7 19. Nxe7+ Bxe7 20. Nd5 Bd8 21. c3 Re8 22. f3 c6 23. Ne3 Be6 24. Bf2 Bc7 25. g3 Rd8 26. Rxd8+ Kxd8 27. Ke2 Kd7 28. f4 b5 29. Kf3 a5 30. Nc2 Bd6 31. Nd4 Bf7 32. g4 g6 33. h4 Bc5 34. Ne2 Be7 35. g5 a4 36. a3 Kd6 37. gxf6 Bf8 38. Bb6 Ke6 1-0

[Event "EIBCC 2019"]
[Site "Tallinn"]
[Date "2019.12.07"]
[Round "5.8"]
[White "Kukk, Sander"]
[Black "Saric, Ante"]
[Result "1/2-1/2"]
[WhiteElo "2312"]
[BlackElo "2577"]
[Annotator "ChessBase"]
[PlyCount "77"]
[EventDate "2019.12.06"]
[EventType "swiss"]
[EventCountry "EST"]
[SourceTitle "playchess.com"]
[Source "ChessBase"]
[SourceQuality "1"]

1. b3 b6 2. Bb2 Bb7 3. e3 Nf6 4. Nf3 e6 5. d4 c5 6. Bd3 cxd4 7. exd4 Nc6 8. a3 d5 9. Nbd2 g6 10. O-O Bg7 11. Qe2 O-O 12. Ne5 Rc8 13. f4 Ne7 14. Rac1 Nf5 15. Ndf3 Nd6 16. c4 dxc4 17. bxc4 Nf5 18. Rfd1 Nh5 19. Bxf5 exf5 20. Qe3 Re8 21. d5 f6 22. Qd2 fxe5 23. fxe5 h6 24. e6 Bxb2 25. Qxb2 Qf6 26. Ne5 Nf4 27. Re1 Nxd5 28. cxd5 Rxc1 29. Qxc1 Bxd5 30. Nd7 Qd4+ 31. Kh1 Bxe6 32. Ne5 Bd5 33. Nxg6 Rxe1+ 34. Qxe1 Bxg2+ 35. Kxg2 Qg4+ 36. Qg3 Qe2+ 37. Qf2 Qg4+ 38. Qg3 Qe2+ 39. Qf2 1/2-1/2

[Event "EIBCC 2019"]
[Site "Tallinn"]
[Date "2019.12.07"]
[Round "5.9"]
[White "Hjartarson, Johann"]
[Black "Khakimov, Timur"]
[Result "1-0"]
[WhiteElo "2559"]
[BlackElo "2287"]
[Annotator "ChessBase"]
[PlyCount "49"]
[EventDate "2019.12.06"]
[EventType "swiss"]
[EventCountry "EST"]
[SourceTitle "playchess.com"]
[Source "ChessBase"]
[SourceQuality "1"]

1. c4 c6 2. d4 d5 3. Nc3 Nf6 4. e3 e6 5. Nf3 Nbd7 6. Bd3 dxc4 7. Bxc4 b5 8. Bd3 Bb7 9. O-O a6 10. e4 c5 11. d5 Qc7 12. Bc2 c4 13. dxe6 fxe6 14. Ne2 O-O-O 15. Ng3 Ne5 16. Qe2 Bc5 17. Nxe5 Qxe5 18. a4 h5 19. axb5 axb5 20. Be3 h4 21. Nh1 Bxe3 22. Qxe3 Ng4 23. Qh3 Qf4 24. b3 Rd2 25. Bd1 1-0